000 00534nam a22001937a 4500
003 KOHA_MİRAKIL
005 20251003152732.0
008 251003b tu ||||| |||| 00| 0 tur d
020 _a9786057234865
040 _aTR-AnABB
_btur
_cTR-AnABB
041 _atur
082 _a818.42
_bAYC 2023
100 1 _aAycı, Mehmet,
245 1 0 _aKahveden gelir sesi /
_cMehmet Aycı
260 _aİstanbul :
_bİdealkent Yayınları,
_c2023
300 _a148 sayfa ;
_c20 cm
650 0 4 _aTürk edebiyatı, roman
942 _2ddc
_cBK
999 _c9080
_d9080
900 _bGizem YORULMAZ